Statistics for Страны Граничащие С Россией

Click here to take the quiz!

General Stats

  • This quiz has been taken 381 times
  • The average score is 12 of 14

Answer Stats

Отвечать% Correct
Украина
99%
Казахстан
97%
Китай
97%
Беларусь
95%
Монголия
94%
Латвия
92%
Литва
92%
Эстония
91%
Финляндия
90%
Грузия
86%
Азербайджан
83%
Польша
80%
Норвегия
74%
Северная Корея
70%

Score Distribution

Percentile by Number Answered

Percent of People with Each Score

Your Score History

You have not taken this quiz